| 000 | 00473cam a22002052 4500 | ||
|---|---|---|---|
| 001 | 6334337 | ||
| 005 | 20180205072220.0 | ||
| 008 | 820519s1889 nyu 000 0 eng | ||
| 010 | _a 06015965 | ||
| 040 |
_aDLC _cCarP _dDLC |
||
| 041 | _aeng | ||
| 043 | _an-us--- | ||
| 080 | _a371 | ||
| 082 | _2371 BOO | ||
| 100 | 1 | _a46 | |
| 101 | _aEDU | ||
| 245 | 1 | 0 | _aEducation in the United States; |
| 906 |
_a7 _bcbc _cpremver _du _encip _f19 _gy-gencatlg |
||
| 942 |
_2ddc _cBK |
||
| 999 |
_c41761 _d41761 |
||